[Event "22nd Abu Dhabi Masters"]
[Site "Abu Dhabi UAE"]
[Date "2015.08.23"]
[Round "1.33"]
[White "Vinoth Kumar,M"]
[Black "Belous,V"]
[Result "0-1"]
[WhiteTitle "FM"]
[BlackTitle "GM"]
[WhiteElo "2166"]
[BlackElo "2566"]
[WhiteFideId "5011574"]
[BlackFideId "4174003"]
[EventDate "2015.08.23"]

1. e4 c5 2. d3 Nc6 3. g3 g6 4. Bg2 Bg7 5. Nh3 d6 6. f4 Nf6 7. Nf2 O-O 8. c3 Nd7
9. g4 b5 10. h4 b4 11. h5 Rb8 12. c4 Nd4 13. Nd2 Qa5 14. b3 Nb5 15. e5 Nc3 16.
Qf3 dxe5 17. hxg6 exf4 18. Nde4 fxg6 19. Qh3 h6 20. Nxc3 bxc3 21. Bd5+ Kh8 22.
O-O Ne5 23. Re1 Qc7 24. Ba3 Rb6 25. Re2 Ra6 26. Rae1 Rxa3 27. Rxe5 c2 28. d4
cxd4 29. Nd3 f3 30. Bxf3 e6 31. Rc5 Qf7 32. Be4 Rxa2 33. Qg3 e5 34. Bg2 Qe7 35.
Rf1 Rxf1+ 0-1

[Event "22nd Abu Dhabi Masters"]
[Site "Abu Dhabi UAE"]
[Date "2015.08.23"]
[Round "1.34"]
[White "Gopal,G"]
[Black "Ayyad,H"]
[Result "1/2-1/2"]
[WhiteTitle "GM"]
[BlackTitle "FM"]
[WhiteElo "2562"]
[BlackElo "2162"]
[WhiteFideId "5015693"]
[BlackFideId "11200243"]
[EventDate "2015.08.23"]

1. e4 e5 2. Nf3 Nc6 3. Bb5 a6 4. Ba4 Nf6 5. d3 b5 6. Bb3 Be7 7. O-O d6 8. a3 O-O
9. Nbd2 Be6 10. Bxe6 fxe6 11. c3 Qd7 12. Re1 Nh5 13. d4 Nf4 14. Nf1 Ng6 15. Ng3
exd4 16. cxd4 d5 17. e5 Na5 18. b3 Nb7 19. Ng5 Nf4 20. Nf3 c5 21. dxc5 Nxc5 22.
Be3 Ncd3 23. Rf1 Rac8 24. Ne2 Nxe2+ 25. Qxe2 Nc5 26. Nd4 Nb7 27. Qg4 Nd8 28. h4
Bc5 29. Nf3 Nf7 30. Bxc5 Rxc5 31. Nd4 Re8 32. Rfe1 Nh6 33. Qh3 Nf5 34. Nxf5 exf5
35. Rad1 d4 36. Qg3 Qe7 37. e6 Rd5 38. Qf4 Qd6 39. Qxd6 Rxd6 40. Kf1 g6 41. Rd3
Kg7 42. Red1 Rexe6 43. Rxd4 Rxd4 44. Rxd4 Kf6 45. g3 Ke5 46. Rd7 h5 47. Ke2 f4
48. a4 fxg3 49. fxg3 Rc6 50. axb5 axb5 51. Rb7 Ke4 52. Rxb5 Rc2+ 53. Ke1 Kf3 54.
Kd1 Rg2 55. Rc5 Ke4 56. Rg5 Rb2 57. Rb5 Rg2 58. Rg5 Rb2 59. Rxg6 Rxb3 60. Rg5
Kf3 61. Kd2 Rb4 62. Ke1 Rb1+ 63. Kd2 Rb4 64. Kd3 Rg4 65. Rxh5 Kxg3 66. Rh8 Rxh4
67. Rxh4 1/2-1/2

[Event "22nd Abu Dhabi Masters"]
[Site "Abu Dhabi UAE"]
[Date "2015.08.23"]
[Round "1.37"]
[White "Ahmad,Al Khatib"]
[Black "Predke,A"]
[Result "0-1"]
[WhiteElo "2138"]
[BlackElo "2548"]
[WhiteFideId "8103178"]
[BlackFideId "24107581"]
[EventDate "2015.08.23"]

1. Nf3 d5 2. g3 Bg4 3. Bg2 Nd7 4. O-O e6 5. d3 Ngf6 6. Nbd2 Bc5 7. e4 c6 8. Qe1
O-O 9. e5 Ne8 10. h3 Bh5 11. Nb3 Bb6 12. Bg5 Qc7 13. g4 Bg6 14. Qe2 f6 15. exf6
gxf6 16. Bh6 Ng7 17. Nh4 Rae8 18. Nxg6 hxg6 19. Kh1 Qd6 20. Bd2 e5 21. c4 Bc7
22. f3 Ne6 23. cxd5 cxd5 24. Rac1 Bb6 25. Rfe1 Kg7 26. a4 Rh8 27. a5 Bc7 28. Rf1
Bb8 29. Qe1 Qa6 30. Qe2 Qb5 31. Qd1 g5 32. Na1 Qxd3 33. Nc2 d4 34. Ne1 Qb5 35.
Qc2 Ndf8 36. Nd3 Ng6 37. Nf2 Nef4 38. Ne4 Nxh3 39. Bxh3 Rxh3+ 40. Kg2 Reh8 41.
Ng3 Rxg3+ 42. Kxg3 e4+ 43. f4 gxf4+ 44. Bxf4 Nxf4 45. Rxf4 Bxf4+ 0-1

[Event "22nd Abu Dhabi Masters"]
[Site "Abu Dhabi UAE"]
[Date "2015.08.23"]
[Round "1.38"]
[White "Stopa,Ja"]
[Black "Yashas,D"]
[Result "1/2-1/2"]
[WhiteTitle "GM"]
[WhiteElo "2544"]
[BlackElo "2135"]
[WhiteFideId "1119591"]
[BlackFideId "5030196"]
[EventDate "2015.08.23"]

1. g3 Nf6 2. Bg2 d5 3. f4 g6 4. Nf3 Bg7 5. O-O O-O 6. d3 c6 7. a4 a5 8. Qe1 Qb6+
9. e3 Na6 10. h3 Nd7 11. d4 f6 12. g4 e5 13. c3 e4 14. Nfd2 f5 15. g5 c5 16. Rf2
Nc7 17. Na3 Qc6 18. Qd1 b6 19. Bf1 Ba6 20. Bxa6 Rxa6 21. Ndb1 Rc8 22. Bd2 Nf8
23. Qb3 Nfe6 24. Nc2 c4 25. Qa2 b5 26. axb5 Qxb5 27. Nba3 Qb7 28. Bc1 Rb8 29.
Qb1 Nb5 30. Nxb5 Qxb5 31. Na3 Qb3 32. Qc2 Qxc2 33. Nxc2 Bf8 34. Ra4 Nd8 35. h4
Nc6 36. Kf1 Ra7 37. h5 Rab7 38. Ne1 Rb3 39. Rh2 R8b5 40. Ra2 Rb7 41. Ng2 R3b5
42. Ke1 Ne7 43. Kd1 Nc6 44. Kc2 Ra7 45. Ra4 Rab7 46. Kb1 Ne7 47. Ne1 Nc8 48. Nc2
Nb6 49. Ra2 Nc8 50. Ka1 Na7 51. Ra4 Nc6 52. Kb1 Na7 53. Ra2 Nc6 54. Rh1 Rb3 55.
Ka1 Ra7 56. Ra4 Rab7 57. Ne1 R3b5 1/2-1/2

[Event "22nd Abu Dhabi Masters"]
[Site "Abu Dhabi UAE"]
[Date "2015.08.23"]
[Round "1.40"]
[White "Horvath,Ad1"]
[Black "Mokal,Amruta Sunil"]
[Result "1-0"]
[WhiteTitle "GM"]
[WhiteElo "2540"]
[BlackElo "2123"]
[WhiteFideId "708003"]
[BlackFideId "5016371"]
[EventDate "2015.08.23"]

1. e4 c5 2. Nf3 e6 3. d4 cxd4 4. Nxd4 a6 5. Bd3 Nf6 6. Qe2 d6 7. c4 Nbd7 8. Nc3
Ne5 9. O-O Be7 10. b3 O-O 11. Bb2 d5 12. cxd5 exd5 13. Bc2 dxe4 14. Nxe4 Ng6 15.
Rad1 Qc7 16. Rfe1 Ng4 17. Ng3 Bb4 18. Rf1 Bc3 19. Bxg6 Bxb2 20. Bxh7+ Kxh7 21.
Qxb2 Bd7 22. Nf3 f5 23. h3 Nh6 24. Ng5+ Kh8 25. Nh5 Bb5 26. Rd6 Ng8 1-0

[Event "22nd Abu Dhabi Masters"]
[Site "Abu Dhabi UAE"]
[Date "2015.08.23"]
[Round "1.41"]
[White "Ayyad,M"]
[Black "Vakhidov,J"]
[Result "0-1"]
[WhiteTitle "FM"]
[BlackTitle "GM"]
[WhiteElo "2122"]
[BlackElo "2525"]
[WhiteFideId "11200235"]
[BlackFideId "14201801"]
[EventDate "2015.08.23"]

1. d4 Nf6 2. Nf3 g6 3. g3 Bg7 4. Bg2 O-O 5. O-O d6 6. c4 Nbd7 7. Nc3 e5 8. e4
exd4 9. Nxd4 Re8 10. h3 a6 11. Be3 Rb8 12. Re1 Ne5 13. b3 c5 14. Nde2 b5 15. f4
Ned7 16. Qxd6 b4 17. e5 bxc3 18. exf6 Rxe3 19. fxg7 Rb6 20. Bc6 Re6 0-1

[Event "22nd Abu Dhabi Masters"]
[Site "Abu Dhabi UAE"]
[Date "2015.08.23"]
[Round "1.42"]
[White "Pakleza,Z"]
[Black "Ahmed,Fareed"]
[Result "1-0"]
[WhiteTitle "GM"]
[WhiteElo "2520"]
[BlackElo "2119"]
[WhiteFideId "1119290"]
[BlackFideId "9303677"]
[EventDate "2015.08.23"]

1. Nf3 Nf6 2. c4 c5 3. Nc3 Nc6 4. d4 cxd4 5. Nxd4 e5 6. Nc2 Bc5 7. e3 O-O 8. Be2
d6 9. O-O Bf5 10. a3 Rc8 11. b3 Bb6 12. Ra2 Ne7 13. Nb4 a5 14. Nd3 Ne4 15. Nxe4
Bxe4 16. Rd2 Nf5 17. Bf3 Bxf3 18. Qxf3 Qg5 19. Rdd1 Nh4 20. Qg3 Qf6 21. e4 Ng6
22. Nb2 Bd4 23. Na4 h6 24. Be3 Bxe3 25. fxe3 Qd8 26. Rd2 Qc7 27. Rfd1 Rfd8 28.
Rd5 Nf8 29. Nc3 a4 30. Nxa4 Ra8 31. Nc3 Rxa3 32. Nb5 Qa5 33. Nxa3 Qxa3 34. Rb5
Ne6 35. Qe1 Rd7 36. Qa5 Qb2 37. Qd2 Qa3 38. h3 Nc5 39. Ra5 1-0

[Event "22nd Abu Dhabi Masters"]
[Site "Abu Dhabi UAE"]
[Date "2015.08.23"]
[Round "1.44"]
[White "Debashis,D"]
[Black "Mohammed,Tarig Elther"]
[Result "1-0"]
[WhiteTitle "GM"]
[WhiteElo "2489"]
[BlackElo "2105"]
[WhiteFideId "5024854"]
[BlackFideId "12200964"]
[EventDate "2015.08.23"]

1. d4 e6 2. c4 d5 3. Nc3 Be7 4. Bf4 Nf6 5. e3 O-O 6. a3 c5 7. dxc5 Bxc5 8. Nf3
dxc4 9. Bxc4 a6 10. Bd3 Be7 11. Qc2 Nbd7 12. e4 Nh5 13. Be3 Bc5 14. e5 g6 15.
O-O-O Bxe3+ 16. fxe3 Qa5 17. g4 Ng7 18. Qa4 Qxa4 19. Nxa4 b5 20. Nc3 Bb7 21. Be4
Bxe4 22. Nxe4 Rac8+ 23. Kb1 Rfd8 24. Rxd7 1-0

[Event "22nd Abu Dhabi Masters"]
[Site "Abu Dhabi UAE"]
[Date "2015.08.23"]
[Round "1.45"]
[White "Marcos,M"]
[Black "Sadzikowski,D"]
[Result "0-1"]
[BlackTitle "IM"]
[WhiteElo "2104"]
[BlackElo "2480"]
[WhiteFideId "5208840"]
[BlackFideId "1132253"]
[EventDate "2015.08.23"]

1. d4 Nf6 2. Nf3 c5 3. c3 e6 4. e3 b6 5. Ne5 Bb7 6. Nd2 Be7 7. Bd3 O-O 8. O-O d6
9. Nef3 Nc6 10. a3 d5 11. b4 Qc7 12. Bb2 Rad8 13. Qb1 c4 14. Bc2 b5 15. e4 dxe4
16. Nxe4 Nxe4 17. Bxe4 f5 18. Bc2 Rf6 19. Qe1 Rg6 20. Qe3 Bd6 21. Bc1 Bxh2+ 22.
Kh1 Ne7 23. Rd1 Nd5 24. Qe1 Bf4 25. Be3 Nxe3 26. fxe3 Bxf3 27. gxf3 Rh6+ 28. Kg1
Bxe3+ 29. Qxe3 Qg3+ 30. Kf1 Rh1+ 31. Ke2 Rh2+ 0-1

[Event "22nd Abu Dhabi Masters"]
[Site "Abu Dhabi UAE"]
[Date "2015.08.23"]
[Round "1.46"]
[White "Ezat,M"]
[Black "Haussernot,C"]
[Result "1-0"]
[WhiteTitle "IM"]
[BlackTitle "WFM"]
[WhiteElo "2476"]
[BlackElo "2087"]
[WhiteFideId "10600906"]
[BlackFideId "601632"]
[EventDate "2015.08.23"]

1. d4 Nf6 2. c4 e6 3. Nc3 Bb4 4. e3 O-O 5. a3 Be7 6. Nf3 d5 7. c5 b6 8. b4 Ne4
9. Bb2 f5 10. Be2 c6 11. O-O Ba6 12. a4 Bxe2 13. Nxe2 a5 14. Nf4 Qc8 15. cxb6
Bxb4 16. Rc1 Re8 17. Ne5 Ra6 18. Qh5 Re7 19. g4 fxg4 20. Qxg4 Nf6 21. Qh3 Rxb6
22. Rc2 Rbb7 23. Rfc1 Rbc7 24. Nfd3 Ne4 25. f3 Nd6 26. Nxb4 axb4 27. Rb1 Qa6 28.
Bc1 Qxa4 29. Rcb2 Na6 30. Bd2 Rb7 31. Qf1 Qb5 32. Bxb4 Nxb4 33. Rxb4 Qxf1+ 34.
Kxf1 Rbc7 35. Rb8+ Re8 36. Rxe8+ Nxe8 37. Rb6 g6 38. Nxc6 Kg7 39. Nd8 Rc2 40.
Rb7+ Kh6 41. Re7 Ng7 42. Nf7+ Kh5 43. Ne5 Nf5 44. Rxh7+ Kg5 45. f4+ 1-0

[Event "22nd Abu Dhabi Masters"]
[Site "Abu Dhabi UAE"]
[Date "2015.08.23"]
[Round "1.47"]
[White "Laabi Chian,M"]
[Black "Sagar,S"]
[Result "1/2-1/2"]
[BlackTitle "IM"]
[WhiteElo "2087"]
[BlackElo "2456"]
[WhiteFideId "12500224"]
[BlackFideId "5022509"]
[EventDate "2015.08.23"]

1. d4 d6 2. e4 Nf6 3. Nc3 g6 4. Be2 Bg7 5. Be3 O-O 6. h4 e5 7. h5 exd4 8. Bxd4
Nc6 9. Be3 Re8 10. hxg6 hxg6 11. Bg5 d5 12. Nxd5 Rxe4 13. Nxf6+ Bxf6 14. Qxd8+
Bxd8 15. Bxd8 Nxd8 16. O-O-O Re8 17. Rd2 Ne6 18. Nh3 Kg7 19. Rhd1 Nc5 20. Bf3
Bxh3 21. gxh3 c6 22. h4 a5 23. Rd4 Re5 24. Rg1 Rae8 25. Kd2 R8e7 26. Rg2 Ne6 27.
Rd6 Nc5 28. Rd4 Kh6 29. c3 Ne6 30. Rd6 Ng7 31. Rd8 Re8 32. Rd7 R5e7 33. Rd3 Ne6
34. Rg4 Nc5 35. Re3 Rxe3 36. fxe3 Nd7 37. Rd4 Ne5 38. Be2 Kg7 39. a4 Kf6 40. b4
axb4 41. cxb4 Ke6 42. a5 Rh8 43. Kc3 f6 44. Bc4+ Ke7 45. Re4 Rd8 46. Be2 Rd5 47.
Rd4 Kd6 48. e4 Rxd4 49. Kxd4 Nd7 50. h5 gxh5 51. Bxh5 c5+ 52. bxc5+ Nxc5 53. Bd1
Kc6 54. e5 fxe5+ 55. Kxe5 Kb5 56. Bf3 Kxa5 57. Bxb7 1/2-1/2

[Event "22nd Abu Dhabi Masters"]
[Site "Abu Dhabi UAE"]
[Date "2015.08.23"]
[Round "1.48"]
[White "Ris,R"]
[Black "Ghorbani,H"]
[Result "1/2-1/2"]
[WhiteTitle "IM"]
[WhiteElo "2449"]
[BlackElo "2084"]
[WhiteFideId "1011480"]
[BlackFideId "12502910"]
[EventDate "2015.08.23"]

1. d4 d5 2. c4 c6 3. Nf3 Nf6 4. Nc3 dxc4 5. a4 Bf5 6. e3 e6 7. Bxc4 Bb4 8. O-O
O-O 9. Qe2 Nbd7 10. e4 Bg6 11. Bd3 Bh5 12. e5 Nd5 13. Nxd5 cxd5 14. Qe3 Be7 15.
Ng5 Bxg5 16. Qxg5 Bg6 17. Be2 Qxg5 18. Bxg5 f6 19. exf6 gxf6 20. Be3 Rac8 21.
Rfc1 a6 22. h4 Kf7 23. h5 Bf5 24. a5 e5 25. f3 exd4 26. Bxd4 Ne5 27. Bc3 Rfd8
28. g4 Bd3 29. Bxe5 Bxe2 30. Bd4 Rc4 31. Bb6 Rdc8 32. Rxc4 Rxc4 33. Kf2 Rc2 34.
b4 Bc4+ 35. Kg3 Ke6 36. Re1+ Re2 37. Rxe2+ Bxe2 38. f4 f5 39. g5 Bxh5 40. Kf2 1/2-1/2

[Event "22nd Abu Dhabi Masters"]
[Site "Abu Dhabi UAE"]
[Date "2015.08.23"]
[Round "1.49"]
[White "Akkam,M"]
[Black "Pascua,H"]
[Result "0-1"]
[BlackTitle "IM"]
[WhiteElo "2074"]
[BlackElo "2447"]
[WhiteFideId "7601786"]
[BlackFideId "5203953"]
[EventDate "2015.08.23"]

1. e4 c5 2. Nf3 Nc6 3. Nc3 Nf6 4. d4 cxd4 5. Nxd4 e5 6. Ndb5 d6 7. Bg5 a6 8.
Bxf6 gxf6 9. Na3 b5 10. Nd5 f5 11. Bd3 Be6 12. c3 Bg7 13. Nc2 Bxd5 14. exd5 Ne7
15. Ne3 e4 16. Be2 f4 17. Nc2 Ng6 18. a4 Qg5 19. g3 Rb8 20. axb5 axb5 21. h4 Qe5
22. h5 Ne7 23. h6 Bf6 24. Rh5 Bg5 25. Bxb5+ Rxb5 26. Ra8+ Kd7 27. Rxh8 Qxh8 28.
Qg4+ f5 29. Qxg5 Rxb2 30. Nd4 Qa8 31. Kf1 Qa1+ 32. Kg2 f3+ 33. Nxf3 exf3+ 34.
Kxf3 Qe1 35. Qe3 Rxf2+ 36. Qxf2 Qe4# 0-1

[Event "22nd Abu Dhabi Masters"]
[Site "Abu Dhabi UAE"]
[Date "2015.08.24"]
[Round "2.3"]
[White "Predke,A"]
[Black "Rapport,R"]
[Result "1/2-1/2"]
[BlackTitle "GM"]
[WhiteElo "2548"]
[BlackElo "2671"]
[WhiteFideId "24107581"]
[BlackFideId "738590"]
[EventDate "2015.08.23"]

1. e4 c5 2. Nf3 e6 3. d4 cxd4 4. Nxd4 a6 5. Bd3 Ne7 6. O-O Nbc6 7. Nb3 g6 8. f4
d5 9. e5 g5 10. Qh5 gxf4 11. Bxf4 Ng6 12. Bxg6 fxg6 13. Qe2 Bg7 14. Bg3 Ne7 15.
N1d2 Nf5 16. Bf2 O-O 17. Nf3 b6 18. Nbd4 Qc7 19. Rfe1 Nxd4 20. Bxd4 a5 21. c3
Ba6 22. Qe3 Rab8 23. h3 Qc4 24. b3 Qb5 25. Nh2 Qd3 26. Bxb6 Qxe3+ 27. Bxe3 Bxe5
28. Bd4 Bxd4+ 29. cxd4 Rbc8 30. Rac1 e5 31. dxe5 d4 32. Nf3 d3 33. Rxc8 Rxc8 34.
Rd1 a4 35. bxa4 Rc4 36. Kf2 Rxa4 37. Rd2 Kf7 38. Ng5+ Ke7 39. Ke3 Ra5 40. Kd4
Ra4+ 41. Ke3 Ra5 42. Kd4 Ra4+ 43. Ke3 1/2-1/2

[Event "22nd Abu Dhabi Masters"]
[Site "Abu Dhabi UAE"]
[Date "2015.08.24"]
[Round "2.4"]
[White "Jobava,Ba"]
[Black "Horvath,Ad1"]
[Result "1-0"]
[WhiteTitle "GM"]
[BlackTitle "GM"]
[WhiteElo "2664"]
[BlackElo "2540"]
[WhiteFideId "13601520"]
[BlackFideId "708003"]
[EventDate "2015.08.23"]

1. c4 c5 2. Nc3 Nc6 3. g3 g6 4. Bg2 Bg7 5. Nf3 d6 6. O-O Bf5 7. d3 Qd7 8. Rb1
Bh3 9. Bxh3 Qxh3 10. Nd5 Qd7 11. Bd2 e6 12. Bc3 f6 13. Ne3 e5 14. b4 Nge7 15.
Nd5 Nxd5 16. cxd5 Nd4 17. Nd2 h5 18. e3 Nb5 19. Ba1 h4 20. bxc5 dxc5 21. Ne4 Nd6
22. Nxd6+ Qxd6 23. Rxb7 O-O 24. e4 f5 25. Qa4 hxg3 26. hxg3 1-0

[Event "22nd Abu Dhabi Masters"]
[Site "Abu Dhabi UAE"]
[Date "2015.08.24"]
[Round "2.5"]
[White "Timofeev,Arty"]
[Black "Sjugirov,S"]
[Result "1-0"]
[WhiteTitle "GM"]
[BlackTitle "GM"]
[WhiteElo "2542"]
[BlackElo "2664"]
[WhiteFideId "4140419"]
[BlackFideId "4189302"]
[EventDate "2015.08.23"]

1. e4 c5 2. Nf3 d6 3. Bc4 Nf6 4. d3 g6 5. e5 d5 6. Bb3 Nfd7 7. O-O Nc6 8. Re1
Nb6 9. c3 Bg7 10. Bf4 O-O 11. Nbd2 Bf5 12. Qe2 Rc8 13. Rad1 Na5 14. Bc2 c4 15.
Nf1 cxd3 16. Bxd3 Bxd3 17. Rxd3 Qd7 18. b3 Nc6 19. Qd2 Rfd8 20. h3 a5 21. Bh6
Bh8 22. Be3 Na8 23. Bd4 Nxd4 24. Rxd4 b5 25. Ne3 Nb6 26. Ng4 Qc6 27. Nh6+ Kf8
28. Ng5 Qxc3 29. Qxc3 Rxc3 30. Ngxf7 Bg7 31. Nxd8 Bxh6 32. Rh4 Bd2 33. Rd1 Rc2
34. Rxh7 Ke8 35. Ne6 Bb4 36. Nd4 Rxa2 37. Nxb5 Kd7 38. Rc1 a4 39. bxa4 Nc4 40.
Nc3 Bxc3 41. Rxc3 Ra1+ 42. Kh2 Rxa4 43. Rb3 d4 44. Rb7+ Kc6 45. Rbxe7 d3 46.
Rc7+ Kd5 47. Rhd7+ Ke4 48. e6 1-0

[Event "22nd Abu Dhabi Masters"]
[Site "Abu Dhabi UAE"]
[Date "2015.08.24"]
[Round "2.6"]
[White "Vakhidov,J"]
[Black "Shankland,S"]
[Result "1-0"]
[WhiteTitle "GM"]
[BlackTitle "GM"]
[WhiteElo "2525"]
[BlackElo "2655"]
[WhiteFideId "14201801"]
[BlackFideId "2004887"]
[EventDate "2015.08.23"]

1. c4 e6 2. Nc3 d5 3. d4 Nf6 4. cxd5 exd5 5. Bg5 c6 6. Qc2 Be6 7. e3 Nbd7 8. Bd3
h6 9. Bh4 g5 10. Bg3 Nh5 11. Nge2 Nxg3 12. Nxg3 h5 13. e4 dxe4 14. Ngxe4 Nb6 15.
O-O Qxd4 16. Nxg5 Rg8 17. Ne2 Qg4 18. f4 Nd5 19. h3 Qh4 20. Be4 Nb4 21. Qb1 Bc5+
22. Kh2 Rxg5 23. fxg5 Bd6+ 24. Kg1 Qxg5 25. Qc1 Qe5 26. Qf4 Bxa2 27. Qxe5+ Bxe5
28. Nc3 Be6 29. Ra4 Bd4+ 30. Kh1 Bc5 31. Bf5 Bc4 32. Rf4 b5 33. Ra1 Be7 34. Re1
Kf8 35. Be6 Nd3 36. Rxf7+ Ke8 37. Re3 Bg5 38. Re2 Bxe6 39. Rg7 Nf4 40. Re4 Bh6
41. Rh7 b4 42. Rxh6 bxc3 43. bxc3 Kd7 44. Rxf4 Bb3 45. Rb4 Bd5 46. Rb7+ 1-0

[Event "22nd Abu Dhabi Masters"]
[Site "Abu Dhabi UAE"]
[Date "2015.08.24"]
[Round "2.7"]
[White "Akopian,Vl"]
[Black "Pakleza,Z"]
[Result "1/2-1/2"]
[WhiteTitle "GM"]
[BlackTitle "GM"]
[WhiteElo "2647"]
[BlackElo "2520"]
[WhiteFideId "13300032"]
[BlackFideId "1119290"]
[EventDate "2015.08.23"]

1. Nf3 Nf6 2. g3 g6 3. Bg2 Bg7 4. c4 c6 5. O-O O-O 6. d4 d5 7. Qb3 Qb6 8. Nc3
Bf5 9. h3 Be4 10. Nxe4 Nxe4 11. Be3 Rd8 12. Ne5 Nd7 13. Qc2 Nxe5 14. dxe5 d4 15.
Bxd4 Qxd4 16. Bxe4 Bxe5 17. Rab1 a5 18. b3 1/2-1/2

[Event "22nd Abu Dhabi Masters"]
[Site "Abu Dhabi UAE"]
[Date "2015.08.24"]
[Round "2.9"]
[White "Kuzubov,Y"]
[Black "Debashis,D"]
[Result "1/2-1/2"]
[WhiteTitle "GM"]
[BlackTitle "GM"]
[WhiteElo "2638"]
[BlackElo "2489"]
[WhiteFideId "14112906"]
[BlackFideId "5024854"]
[EventDate "2015.08.23"]

1. Nf3 Nf6 2. c4 e6 3. g3 d5 4. d4 Nbd7 5. Bg2 dxc4 6. O-O c6 7. a4 b6 8. Nc3
Ba6 9. e4 Bb4 10. Qc2 Be7 11. Bf4 O-O 12. Rad1 Qc8 13. Bh3 Re8 14. Rfe1 Bf8 15.
g4 Bb7 16. g5 Nh5 17. Bc1 Qc7 18. Ne2 c5 19. Bg4 Nhf6 20. Bf4 Qc8 21. gxf6 Nxf6
22. Ne5 Bxe4 23. Qxc4 Nxg4 24. Nxg4 Bb7 25. Rd3 Ba6 26. Nh6+ Kh8 27. Nxf7+ Kg8
28. Nh6+ Kh8 29. Nf7+ Kg8 30. Nh6+ Kh8 31. Nf7+ Kg8 32. Nh6+ 1/2-1/2

[Event "22nd Abu Dhabi Masters"]
[Site "Abu Dhabi UAE"]
[Date "2015.08.24"]
[Round "2.10"]
[White "Sadzikowski,D"]
[Black "Grandelius,N"]
[Result "0-1"]
[WhiteTitle "IM"]
[BlackTitle "GM"]
[WhiteElo "2480"]
[BlackElo "2628"]
[WhiteFideId "1132253"]
[BlackFideId "1710400"]
[EventDate "2015.08.23"]

1. e4 e5 2. Nf3 Nc6 3. Bb5 a6 4. Ba4 Nf6 5. O-O Bc5 6. c3 b5 7. Bc2 d5 8. exd5
Qxd5 9. d3 Bg4 10. Nbd2 O-O 11. h3 Be6 12. Ng5 Bf5 13. Nge4 Be7 14. Qf3 Qd7 15.
Nb3 Nxe4 16. dxe4 Be6 17. Rd1 Qc8 18. Be3 Rd8 19. Nc5 Bxc5 20. Bxc5 Rxd1+ 21.
Qxd1 Na5 22. Qf3 Qe8 23. b3 Nb7 24. Be3 Qc6 25. Bd2 Nc5 26. Rd1 f6 27. Bb1 a5
28. Bc1 a4 29. b4 Nb7 30. a3 Nd6 31. Qe3 Bb3 32. Rf1 Re8 33. h4 Bf7 34. Rd1 Rd8
35. f3 Bb3 36. Re1 Nc4 37. Qf2 Rd6 38. f4 Qd7 39. f5 Nd2 40. Bxd2 Rxd2 41. Re2
Rd1+ 42. Re1 Bc4 43. Kh2 Qd2 44. Qxd2 Rxd2 45. Kg3 Kf8 46. Kh2 Ke7 47. Kg1 Rb2
48. Rc1 h5 49. Kh2 Be2 50. Kg1 c6 51. Re1 Bc4 52. Rc1 Rb3 53. Ba2 Rxa3 54. Bxc4
bxc4 55. Kh2 Ra2 56. b5 cxb5 57. Rb1 Rc2 58. Rxb5 Rxc3 59. Rb7+ Kf8 60. Rb8+ Kf7
61. Rb7+ Kg8 62. Rb8+ Kh7 63. Rb4 a3 64. Ra4 Re3 0-1

[Event "22nd Abu Dhabi Masters"]
[Site "Abu Dhabi UAE"]
[Date "2015.08.24"]
[Round "2.11"]
[White "Vovk,Y"]
[Black "Ezat,M"]
[Result "1-0"]
[WhiteTitle "GM"]
[BlackTitle "IM"]
[WhiteElo "2624"]
[BlackElo "2476"]
[WhiteFideId "14113171"]
[BlackFideId "10600906"]
[EventDate "2015.08.23"]

1. d4 Nf6 2. c4 g6 3. Nc3 Bg7 4. e4 d6 5. Be2 O-O 6. Bg5 h6 7. Be3 c5 8. d5 e6
9. Nf3 exd5 10. exd5 Re8 11. O-O Bf5 12. h3 Ne4 13. g4 Nxc3 14. bxc3 Be4 15. Rc1
Nd7 16. Qd2 f5 17. Bxh6 fxg4 18. hxg4 Bxf3 19. Bxf3 Ne5 20. Be2 Nxg4 21. Bxg4
Qh4 22. Qf4 Qxh6 23. Qxd6 Re4 24. Be6+ Kh8 25. Kg2 Qg5+ 26. Qg3 Bh6 27. Rce1
Rxc4 28. d6 Rxc3 29. Re3 Rxe3 30. fxe3 Qxg3+ 31. Kxg3 Bxe3 32. Rf7 c4 33. Bxc4
Rd8 34. d7 Bh6 35. Kg4 Bg7 36. Kg5 Kh7 37. Re7 Rf8 38. Bd3 Kg8 39. Re8 1-0

[Event "22nd Abu Dhabi Masters"]
[Site "Abu Dhabi UAE"]
[Date "2015.08.24"]
[Round "2.12"]
[White "Pascua,H"]
[Black "Petrosian,TL"]
[Result "1-0"]
[WhiteTitle "IM"]
[BlackTitle "GM"]
[WhiteElo "2447"]
[BlackElo "2623"]
[WhiteFideId "5203953"]
[BlackFideId "13301616"]
[EventDate "2015.08.23"]

1. d4 d5 2. c4 c6 3. Nf3 Nf6 4. Nc3 dxc4 5. a4 Bf5 6. Ne5 Nbd7 7. Nxc4 Nb6 8.
Ne5 a5 9. f3 Nfd7 10. e4 Nxe5 11. dxe5 Qxd1+ 12. Kxd1 Be6 13. Kc2 f6 14. Rb1 Nd7
15. b4 Nxe5 16. bxa5 Bc8 17. a6 bxa6 18. a5 Nd7 19. Na4 e5 20. Bc4 Bd6 21. Rd1
Ke7 22. Rb3 Rb8 23. Rbd3 Bb4 24. Bxa6 Nc5 25. Nxc5 Bxc5 26. Bxc8 Rhxc8 27. Rd7+
Ke6 28. Rxg7 Rb5 29. Bd2 Rcb8 30. Bc3 Bd4 31. Bxd4 exd4 32. Rxd4 Rxa5 33. Rdd7
f5 34. Rge7+ Kf6 35. Rf7+ Kg5 36. Rxf5+ Rxf5 37. exf5 h5 38. f6 Kxf6 39. Rd6+
Ke5 40. Rh6 Kd4 41. Rxh5 c5 42. Rh4+ Kd5 43. Kc3 Ra8 44. Rh5+ Kc6 45. h4 Kb5 46.
Rg5 Ra3+ 47. Kb2 Re3 48. h5 Kb4 49. h6 c4 50. h7 c3+ 51. Kc2 Re2+ 52. Kd1 c2+
53. Kc1 Kb3 54. Rb5+ Kc4 55. h8=Q 1-0